US Map without 20 Random States - Statistics

General Stats
  • This quiz has been taken 983 times
  • The average score is 19 of 20
Answers on the Map
Answers color-coded by a green-red scale on the quiz's map according to % correct below.
 
Answer Stats
State % Correct
California
99%
Nevada
99%
Washington
99%
New Mexico
98%
New York
98%
North Dakota
98%
Oklahoma
98%
Oregon
98%
Tennessee
98%
Texas
98%
Idaho
97%
North Carolina
97%
South Dakota
97%
Virginia
97%
Arizona
96%
Florida
96%
Kansas
96%
Michigan
96%
Alabama
95%
Colorado
95%
Maryland
95%
Missouri
95%
Montana
95%
South Carolina
95%
Georgia
94%
Illinois
94%
Indiana
94%
Maine
94%
Mississippi
94%
Utah
94%
Alaska
93%
Kentucky
93%
Louisiana
93%
Ohio
93%
Vermont
93%
Wyoming
93%
Connecticut
92%
Nebraska
92%
West Virginia
92%
Hawaii
91%
Iowa
91%
Pennsylvania
91%
Arkansas
90%
Massachusetts
90%
New Hampshire
90%
Minnesota
89%
New Jersey
89%
Rhode Island
89%
Wisconsin
87%
Delaware
83%
No matching quizzes found
Score Distribution
Percent of People with Each Score
Percentile by Number Answered
Your Score History
You have not taken this quiz